000
00322nam a22001217a 4500
999
_c
9580
_d
9580
003
OSt
008
201203b ||||| |||| 00| 0 eng d
245
_a
Bulletin of Materials Science
250
_a
2015(Feb Vol.38 No.1, Apr Vol.38 No.2)
260
_a
Bengaluru
_b
Springer
650
_a
Mechanical Engineering
942
_2
ddc
_c
BV